LEADER 01160nam a2200277 u 4500 001 000000113981 003 CaOOAMICUS 005 20081201103352.0 008 081201r20072002it u000 u ita r 020 $z978-88-430-2078-2* 040 $aPUL$bita$dLDB 100 1 $aGuercio, Maria.$0(OLS)http://pul/name/70294 245 10$aArchivistica informatica :$bi documenti in ambiente digitale /$cMaria Guercio. 260 $aRoma :$bCarocci,$cc2002. 300 $a277 p. ;$c23 cm. 490 1 $aBeni culturali ;$v25 504 $aComprende bibliografia. 650 4$aArchivi$zItalia$xSistemi informatici.$0(OLS)http://pul/subject/27675 830 0$aBeni culturali ;$v25.$0(OLS)http://pul/title/103225 850 $aPUL 852 $aPUL$W1$xSL Cons. Gen., Altre Classi 3$y75$m020 COLL 2.25$j130248$qDDC 21$B129320$CPULBib$Z2$F129320 $H108907 $82 941 1 $a9 961 $aRistampa 2007 996 $6020$z978-88-430-2078-2*$9(OLS)http://pul/number/139220 996 $6245$aArchivistica informatica :$bi documenti in ambiente digitale$9(OLS)http://pul/title/143236 996 $6260$aRoma :$bCarocci$9(OLS)http://pul/publisher/66917 LEADER 01265nam a2200265 a 4500 001 000000128720 003 CaOOAMICUS 005 20120504154026.0 008 120504s2011 vc a u000 u ita r 040 $aPUL$bita 082 04$a282.092 245 00$aGiovanni Paolo II beato :$bil papa si racconta, le foto pił belle della sua vita /$c[a cura di Maurizio De Paoli, Roberto Parmeggiani]. 260 $aCittą del Vaticano :$bLibreria editrice vaticana,$c©2011. 300 $a127 p. :$bill. ;$c27 cm 500 $aSuppl. n. 2 a Famiglia Cristiana. 600 04$aIohannes Paulus PP.$bII,$cs.,$d1920-2005$xBiografia.$0(OLS)http://pul/subject/34866 700 1 $aDe Paoli, Maurizio.$0(OLS)http://pul/name/82318 700 1 $aParmeggiani, Roberto.$0(OLS)http://pul/name/82319 850 $aPUL 852 $aPUL$W1$xDP2 Religione 3$y114$m282. 092 GIOPA2 12$j149086$qDDC 21$B147602$CPULBib$Z2$F147602 $H117396 $82 941 1 $a9 996 $6082$a282.092$9(OLS)http://pul/classification/402 996 $6245$aGiovanni Paolo II beato :$bil papa si racconta, le foto pił belle della sua vita$9(OLS)http://pul/title/162662 996 $6260$aCittą del Vaticano :$bLibreria editrice vaticana$9(OLS)http://pul/publisher/47920